Теплоэнергетические системы и энергобалансы промышленных предприятий: учебное пособие для вузов

Opis bibliograficzny
1. autor: Назмеев Ю. Г. Юрий Гаязович
Kolejni autorzy: Конахина И. А. Ирина Александровна
Streszczenie:Рассмотрены рациональная организация теплоэнергетических систем и построение энергетических балансов промышленных предприятий. Описаны энерготехнологические комбинированные теплотехнологии для одновременной выработки технологической и энергетической продукции на одной и той же установке или производственном участке, а также методы оценки их эффективности. Для студентов энергетических вузов, обучающихся по специальности «Промышленная теплоэнергетика», и инженеров-теплоэнергетиков.
Język:rosyjski
Wydane: Москва, Изд-во МЭИ, 2002
Hasła przedmiotowe:
Format: Książka
KOHA link:https://koha.lib.tpu.ru/cgi-bin/koha/opac-detail.pl?biblionumber=132672

MARC

LEADER 00000nam0a2200000 4500
001 132672
005 20231101220400.0
010 |a 5704609104 
035 |a (RuTPU)RU\TPU\book\143656 
090 |a 132672 
100 |a 20080305d2002 m y0rusy50 ca 
101 0 |a rus 
102 |a RU 
105 |a a j 001zy 
200 1 |a Теплоэнергетические системы и энергобалансы промышленных предприятий  |e учебное пособие для вузов  |f Ю. Г. Назмеев, И. А. Конахина 
210 |a Москва  |c Изд-во МЭИ  |d 2002 
215 |a 407 с.  |c ил. 
320 |a Библиогр.: с. 400-403. 
330 |a Рассмотрены рациональная организация теплоэнергетических систем и построение энергетических балансов промышленных предприятий. Описаны энерготехнологические комбинированные теплотехнологии для одновременной выработки технологической и энергетической продукции на одной и той же установке или производственном участке, а также методы оценки их эффективности. Для студентов энергетических вузов, обучающихся по специальности «Промышленная теплоэнергетика», и инженеров-теплоэнергетиков. 
606 1 |a Промышленная энергетика  |2 stltpush  |3 (RuTPU)RU\TPU\subj\52252  |9 70738 
610 1 |a промышленные предприятия 
610 1 |a топливно-энергетические ресурсы 
610 1 |a энергетические балансы 
610 1 |a энергоносители 
610 1 |a производство 
610 1 |a распределение 
610 1 |a ТЭЦ 
610 1 |a теплоэлектроцентрали 
610 1 |a высокотемпературные технологические установки 
610 1 |a энерготехнологическое комбинирование 
610 1 |a системы теплоснабжения 
610 1 |a системы холодоснабжения 
610 1 |a теплота 
610 1 |a утилизационные трансформаторы 
610 1 |a дисбалансы 
610 1 |a теплоэнергетические процессы 
610 1 |a математическое моделирование 
675 |a 658.26(075.8)  |v 3 
700 1 |a Назмеев  |b Ю. Г.  |g Юрий Гаязович 
701 1 |a Конахина  |b И. А.  |g Ирина Александровна 
801 1 |a RU  |b 63413507  |c 20080305  |g PSBO 
801 2 |a RU  |b 63413507  |c 20140926  |g PSBO 
900 |a Теплоэнергетические системы и энергетические балансы предприятий 
900 |a Теплоэнергетические системы промышленных предприятий 
900 |a Проектирование энерго- и ресурсосберегающих производств 
900 |a Математическое моделирование и расчеты теплотехнических систем на ЭВМ 
942 |c BK 
952 |b 140104  |b 140100 
959 |a 26/20080304  |d 5  |e 236,00  |f АНЛ:1  |f ЧЗТЛ:1  |f УФ:3 
959 |a 75/20090624  |d 13  |e 0  |f Ф_ТПУ_Новокузнецк:13 
959 |a 55/20130319  |d 3  |e 236,00  |f УФ:3